Global tourist behavior

Saved in:
Bibliographic Details
Other Authors: Uysal, Muzaffer (Editor)
Format: Book
Language:English
Published: New York : The Haworth Press, c1994
Subjects:
Tags: Add Tag
No Tags, Be the first to tag this record!

MARC

LEADER 00000nam a2200000 i 4500
001 1/88210
008 990824s1994 eng d
020 |a 1-56024-471-2 
035 |l 10052481 
040 |a GR-MY-UA  |b gre  |e aacr 
041 0 |a eng 
082 0 |a 338.4791 
245 1 0 |a Global tourist behavior /  |c Muzaffer Uysal, editor 
260 |a New York :   |b The Haworth Press,   |c c1994 
300 |a 271 p.  |b tabl. 
500 |a "Also published as Journal of international consumer marketing, volume 6, numbers 3/4, 1994" 
504 |a Includes bibliographical references and index 
650 0 0 |a Tourism  |x Marketing. 
700 1 |a Uysal, Muzaffer.  |4 edt 
852 |a INST  |b LESVOS  |e 19990824  |h 338.4791 GLO  |p 005100019693  |q 005100019693  |t BK  |y 0 
901 |a BIBL1-1999-2 
909 |a Λ  |b 064412 
922 |a 1ΕΛΗ  |b 199901  |c ΚΠΣ/ΤΓ  |d ΠΑΠΑΣΩΤΗΡΙΟΥ 
950 |a 118-1998-07-21 
970 |z 1999/08/27  |a ΜΟΥΣΤΑΚΑ  |b ΠΗΝΕΛΟΠΗ